| 000 | 00570nam a2200193Ia 4500 | ||
|---|---|---|---|
| 005 | 20250923145315.0 | ||
| 008 | 008 250917s9999 xx 000 0 eng d | ||
| 037 | _aTextual | ||
| 040 |
_aDSWL _beng _cDSWL |
||
| 041 |
_aeng _2eng |
||
| 084 |
_aSZ0aR17x, N74 _qDSWL |
||
| 245 | 0 |
_aValues objectivity and the social science _c Ed.by Greshan Riley |
|
| 260 |
_aMasschusetts _bAddison Wesley Pub. Co. _c1974 |
||
| 300 | _aiv,52 p. | ||
| 365 |
_aINR _b30 . 23 |
||
| 925 | _g30 . 23 | ||
| 942 |
_cTEXL _hSZ0aR17x, N74 |
||
| 999 |
_c1449762 _d1449762 |
||